Chemical reactor analysis and design. (Record no. 149)

000 -LEADER
fixed length control field 00702nam a2200229 a 4500
001 - CONTROL NUMBER
control field 149
003 - CONTROL NUMBER IDENTIFIER
control field BD-DhUET
008 - FIXED-LENGTH DATA ELEMENTS--GENERAL INFORMATION
fixed length control field 100419s2011 njua b 001 0 eng
020 ## - INTERNATIONAL STANDARD BOOK NUMBER
International Standard Book Number 9780470565414
040 ## - CATALOGING SOURCE
Original cataloging agency DLC
Transcribing agency DLC
Modifying agency BD-DhUET
082 00 - DEWEY DECIMAL CLASSIFICATION NUMBER
Classification number 660.283
Item number FRO/2011
100 1# - MAIN ENTRY--PERSONAL NAME
Personal name Froment, Gilbert F.
245 10 - TITLE STATEMENT
Title Chemical reactor analysis and design.
Statement of responsibility, etc. by Gilbert F. Froment, Kenneth B. Bischoff, Juray De Wilde
250 ## - EDITION STATEMENT
Edition statement 3rd ed.
260 ## - PUBLICATION, DISTRIBUTION, ETC. (IMPRINT)
Place of publication, distribution, etc. New Jersey:
Name of publisher, distributor, etc. John Wiley, New Jersey,
Date of publication, distribution, etc. 2011.
300 ## - PHYSICAL DESCRIPTION
Extent xviii, 860 p. :
Other physical details ill. ;
Dimensions 26 cm.
504 ## - BIBLIOGRAPHY, ETC. NOTE
Bibliography, etc Includes bibliographies
650 #0 - SUBJECT ADDED ENTRY--TOPICAL TERM
Topical term or geographic name as entry element Instruments-Process industries
700 1# - ADDED ENTRY--PERSONAL NAME
Personal name De Wilde, Juray.
700 1# - ADDED ENTRY--PERSONAL NAME
Personal name Bischoff, Kenneth B.
942 ## - ADDED ENTRY ELEMENTS (KOHA)
Koha item type General Book
Holdings
Copy number Piece designation (barcode) Source of classification or shelving scheme Date acquired Shelving location Price effective from Lost status Damaged status Not for loan Location (home branch) Koha date last seen Withdrawn status Koha full call number Sublocation or collection (holding branch) Koha item type Koha normalized classification for sorting
1112048 2014-07-16Circulation section2014-07-16   Central Library, BUET2014-07-16 660.283/FRO/20011Central Library, BUETGeneral Book660_000000000000000_283FRO2001